STN EN ISO 4064-2: 2015 (25 7728), Vodomery na meranie studenej pitnej vody a teplej vody Časť 2 Skúšobné metódy (ISO 4064-2: 2014)

Táto norma je slovenskou verziou európskej normy EN ISO 4064-2: 2014. Preklad zabezpečil Úrad pre normalizáciu, metrológiu a skúšobníctvo Slovenskej republiky. Táto norma má rovnaké postavenie, ako majú oficiálne verzie

Bibliographic Details
Corporate Author: EMITA (Piešťany, Slovensko) (Translator)
Other Authors: Rypák, Rudolf (Translator)
Format: Book
Language:Slovak
English
PhysicalDescription:100 s. obr., tab. 30 cm
Published: Bratislava Úrad pre normalizáciu, metrológiu a skúšobníctvo Slovenskej republiky 2015
Subjects:

MARC

LEADER 00000cam a2200000 a 4500
001 vtls011426351
003 SK-MaSNL
005 20260301135938.0
008 160430s2015 xo a f u 000 0 slo
015 |a SNBN2016 
040 |a SNK  |b slo  |c SNK  |e AACR2 
041 1 |a slo  |h eng 
044 |a xo  |c SK 
046 |a s  |m 201512 (účin.) 
072 7 |a 681  |x Presná mechanika a prístroje. Hudobné nástroje  |2 konspekt 
072 7 |a 628  |x Sanitárna technika. Vodárenstvo. Odpadové hospodárstvo. Svetelná technika  |2 konspekt 
072 7 |a 64  |x Domáce hospodárstvo  |2 konspekt 
080 |a 628.17  |2 2001 
080 |a 006.86  |2 2001 
080 |a (437.6)  |2 2001 
080 |a (4)  |2 2001 
080 |a 681.2  |2 2001 
080 |a 64.066.24  |2 2001 
084 |a 91.140.60  |2 ICS 
130 0 |a STN 25 7728 (STN EN ISO 4064-2)  |9 491984 
245 1 0 |a STN EN ISO 4064-2: 2015 (25 7728), Vodomery na meranie studenej pitnej vody a teplej vody  |n Časť 2  |p Skúšobné metódy (ISO 4064-2: 2014) 
246 1 0 |a Vodomery na meranie studenej pitnej vody a teplej vody 
246 1 0 |a Skúšobné metódy 
246 3 0 |a EN ISO 4064-2: 2014 SK 
246 3 0 |a ISO 4064-2: 2014 
260 |a Bratislava  |b Úrad pre normalizáciu, metrológiu a skúšobníctvo Slovenskej republiky  |c 2015 
300 |a 100 s.  |b obr., tab.  |c 30 cm 
500 |a Súbežný názov v angličtine, francúzštine, nemčine 
500 |a Spracovateľ: EMITA Pieššťany, Rudolf Rypák 
500 |a Táto norma nahrádza anglickú verziu STN EN ISO 4064-2 z decembra 2014, ktorá od 1.12.2014 nahradila STN EN 14154-3+A2 z júla 2013 v celom rozsahu. STN EN 14154-3+A2 z júla 2013 sa môže súbežne s touto normou používať do 30.6.2017 
504 |a Normatívne referenčné dokumenty s. 2-3 ; literatúra s. 100 
520 8 |a Táto norma je slovenskou verziou európskej normy EN ISO 4064-2: 2014. Preklad zabezpečil Úrad pre normalizáciu, metrológiu a skúšobníctvo Slovenskej republiky. Táto norma má rovnaké postavenie, ako majú oficiálne verzie 
540 |a STN vydané na akomkoľvek nosiči sa môžu rozmnožovať a rozširovať iba so súhlasom určenej právnickej osoby  |b SÚTN Bratislava  |c zákon 264/1999 Z. z. 
650 0 7 |a meracie prístroje  |2 SNKPH  |9 883 
650 0 7 |a technické normy a štandardy  |z Slovensko  |2 SNKPH  |9 79594 
650 0 7 |a technické normy a štandardy  |z krajiny Európskej únie  |2 SNKPH  |9 289341 
650 0 7 |a Measuring instruments  |2 SNKPHeng  |9 326321 
650 0 7 |a vodomery  |2 SNKPH  |9 28621 
650 0 7 |a Consumption of water  |2 SNKPHeng  |9 420981 
650 0 7 |a spotreba vody  |2 SNKPH  |9 29638 
655 7 |a normy  |2 SNKPH  |9 70643 
700 1 |a Rypák, Rudolf  |4 trl  |9 303044 
710 2 |a EMITA (Piešťany, Slovensko)  |4 trl  |9 166433 
710 2 |a Slovenský ústav technickej normalizácie (Bratislava, Slovensko).  |b Technická komisia č. 110 Metrológia  |4 stn  |9 303045 
710 1 |a Slovensko.  |b Úrad pre normalizáciu, metrológiu a skúšobníctvo  |4 stn  |9 158117 
852 |a Štátna vedecká knižnica v Banskej Bystrici 
958 |a OP 
958 |a NB 
999 |c 761920  |d 763850 
952 |a SNK  |b SNK  |y PREZ  |7 0  |p 17A1175501  |o snkSTN EN ISO 4064-2  |i snk2015/33316  |8 0  |0 0  |1 0  |4 0  |d 2015-12-11  |l 0  |r 2026-02-24 00:07:40  |w 2026-02-24 
952 |a SNK  |b SNK  |y PREZ  |7 0  |p 17A1175502  |o snkSTN EN ISO 4064-2 D1  |i snk2015/33317  |8 0  |0 0  |1 0  |4 0  |d 2015-12-11  |l 0  |r 2026-02-24 00:07:40  |w 2026-02-24